Indígenas de la nación: etnografía histórica de la alteridad en México. Milpa Alta, siglos XVII-XXI

Gardado en:
Detalles Bibliográficos
Autor Principal: López Caballero, Paula (autora)
Formato: Libro
Idioma:Lingua castelá
Publicado: Ciudad de México Fondo de Cultura Económica 2017
Edición:1a. ed
Series:Antropología
Subjects:
Tags: Engadir etiqueta
Sen Etiquetas, Sexa o primeiro en etiquetar este rexistro!

MARC

LEADER 00000cam a2200000 a 4500
001 UCC6018
003 CL-VaPUC
008 181116e20170000mx |||||||||||||||||spa|d
020 |a 9786071642165 
082 0 4 |a 305.8976  |b LOP  |2 21 
100 |a López Caballero, Paula  |e autora  |9 600471 
245 1 0 |a Indígenas de la nación: etnografía histórica de la alteridad en México. Milpa Alta, siglos XVII-XXI 
250 |a 1a. ed 
300 |a 322 p 
942 |c BK 
945 |d 20181116 13:40:00  |a dcastane 
260 |a Ciudad de México  |b Fondo de Cultura Económica  |c 2017 
650 0 |a Etnografía   |9 309735 
650 7 |a INDIGENAS AMERICANOS  |2 CL-VaPUC  |9 551357 
650 7 |a CIVILIZACIONES INDIGENAS  |2 CL-VaPUC  |9 357563 
651 0 |a México  |9 255269 
583 |a last modification  |c 20181116 13:40:00  |k Rodrigo Vera 
490 0 |a Antropología 
999 |c 373099  |d 373097 
952 |0 0  |1 0  |3 erb  |4 0  |6 305_897600000000000_LOP_2017  |7 0  |8 A  |9 491035  |a BIBHIS  |b BIBHIS  |i 5514177  |l 1  |o 305.8976 LOP 2017  |p 5514177  |r 2025-01-20  |s 2021-01-14  |w 2019-11-24  |y BK  |z Catalogado en:20181116  |k HIS